00935nam a2200253 a 450000100100000000500170001000800410002702000150006804000250008308200170010810000410012524500530016626000440021930000260026349000310028950000760032065000280039665000400042465000310046483000390049504900090053495201210054399900170066400002464220200930023302.0110201s1994 sp r 000 f spa d a8420481467 aDO-SdBNPbspacBNPHU a863.6bS162s1 aSampedro, José Luis,d1917-91508410aLa sombra de los días /cJosé Luis Sampedro. aMadrid, (España) :bAlfaguara,c1994. a208, [8] p. ;c22 CM.1 aAlfaguara hispánicav123 aIncluye datos biográficos del autor en la solapa de la contracubierta 4aNovela española91123 4aNovela histórica española96177 4aLiteratura española9632 0aAlfaguara hispánica ;v12394764 aBNGR 001054708MOaGRbGRcCTd2011-02-01iLF1l0o863.6 S162sp24642-10r2020-06-25w2020-06-25y4ZPréstamo en sala c24135d24135